| 000 | 00572cam a2200229ua 4500 | ||
|---|---|---|---|
| 001 | 10604 | ||
| 008 | 160307n II |||gr||||Z||||||eng | ||
| 040 | _aMAIN | ||
| 041 | _aEnglish | ||
| 082 | _a510 VAS | ||
| 100 | _aVASISTHA, A.R. | ||
| 245 | _aI.I.T. MATHAMATICS | ||
| 250 | _a9TH. | ||
| 260 |
_aMEERUT: _bA.S.PRAKASHAN, _c2001. |
||
| 300 |
_a(p-1): _c24CM. |
||
| 500 | _aTaransferred to Sanaskriti Junior College, SGC | ||
| 653 | _aMathematics | ||
| 700 |
_aVASISTHA, A.R., _eAuthor. |
||
| 700 | _aVASISTHA, VIPIN. | ||
| 700 | _aVASISTHA, A.K. | ||
| 942 | _cBK | ||
| 999 |
_c10574 _d10574 |
||